| 000 | 00602nam a2200205Ia 4500 | ||
|---|---|---|---|
| 005 | 20250508162019.0 | ||
| 008 | 008 250505s9999 xx 000 0 eng d | ||
| 020 | _a0-201-00316-3 | ||
| 037 | _aTextual | ||
| 040 |
_aFEDL _beng _cFEDL |
||
| 041 |
_aeng _2eng |
||
| 084 |
_a372.41, BUR _qFEDL |
||
| 100 |
_aBurmeister Lou E _9772055 |
||
| 245 | 0 | _aReading strategies for middle and secondary school teachers | |
| 250 | _a2 | ||
| 260 |
_aMassachusetts _bAddison - Wesley Publishing Company _c1978 |
||
| 300 | _axiv,398p | ||
| 942 |
_cTEXL _h372.41, BUR |
||
| 999 |
_c1373835 _d1373835 |
||